| 000 | nam a22 a 4500 | ||
|---|---|---|---|
| 999 |
_c660 _d660 |
||
| 003 | AKMAL | ||
| 005 | 20170504144416.0 | ||
| 008 | 170504s2000 my 00 eng d | ||
| 020 |
_a9679787265 (pbk. ): _cRM23.00 |
||
| 040 | _aAKMAL | ||
| 082 | 0 | 4 |
_a181.11 KHO _221 |
| 090 | 0 | 0 |
_a181.11 _bKHO |
| 100 | 1 |
_aKhoo, Kheng-Hor, _d1956- _91421 |
|
| 245 | 1 | 0 |
_aWinning strategies : _bapplying ancient Chinese wisdom in business and management / _cKhoo Kheng-Hor |
| 260 |
_aSubang Jaya : _bPelanduk Publications, _c2000 |
||
| 300 | 0 | 0 |
_axix, 150p. ; _c22cm |
| 500 | _aIncludes index | ||
| 650 | 0 |
_aEthics _xHistory _zChina _91422 |
|
| 650 | 0 |
_aEthics, Chinese _91423 |
|
| 651 | 0 |
_aChina _xCivilization _91424 |
|
| 942 |
_2ddc _cBOOK |
||